South Eastern Kenya University

Library Online Public Access Catalogue


Test & measurements in social research (Record no. 3989)

MARC details
000 -LEADER
fixed length control field 00428nam a22001577a 4500
003 - CONTROL NUMBER IDENTIFIER
control field OSt
005 - DATE AND TIME OF LATEST TRANSACTION
control field 20150619125742.0
008 - FIXED-LENGTH DATA ELEMENTS--GENERAL INFORMATION
fixed length control field 150619b xxu||||| |||| 00| 0 eng d
040 ## - CATALOGING SOURCE
Original cataloging agency SEKU
050 ## - LIBRARY OF CONGRESS CALL NUMBER
Classification number TK 401
Item number .T4
245 ## - TITLE STATEMENT
Title Test & measurements in social research
Statement of responsibility, etc. Chandrakandan, K. ...[et al]
300 ## - PHYSICAL DESCRIPTION
Other physical details 416p.:
650 ## - SUBJECT ADDED ENTRY--TOPICAL TERM
Topical term or geographic name as entry element Testing & measurements
700 ## - ADDED ENTRY--PERSONAL NAME
Personal name Venkatapirabu, Sekar V. Anandakumar V.
942 ## - ADDED ENTRY ELEMENTS (KOHA)
Source of classification or shelving scheme Library of Congress Classification
Koha item type General circulation
Holdings
Withdrawn status Lost status Source of classification or shelving scheme Damaged status Not for loan Home library Current library Date acquired Total Checkouts Full call number Barcode Date last seen Price effective from Koha item type
    Library of Congress Classification     Kitui Town Campus Library Kitui Town Campus Library 19/06/2015   TK 401 .T4 2015/000352 19/06/2015 19/06/2015 General circulation
    Library of Congress Classification     Main Campus Library Main Campus Library 19/06/2015   TK 401 .T4 2015/000355 19/06/2015 19/06/2015 General circulation
    Library of Congress Classification     Main Campus Library Main Campus Library 19/06/2015   TK 401 .T4 2015/000354 19/06/2015 19/06/2015 General circulation
    Library of Congress Classification     Wote Campus Library Main Campus Library 19/06/2015   TK 401 .T4 2015/000351 19/06/2015 19/06/2015 General circulation
    Library of Congress Classification     Mtito Andei Centre Library Main Campus Library 19/06/2015   TK 401 .T4 2015/000350 19/06/2015 19/06/2015 General circulation
    Library of Congress Classification     Wote Campus Library Wote Campus Library 19/06/2015   [WTE] TK 401 .T4 2015/000353 19/06/2015 19/06/2015 General circulation
Kitui, Kenya.
+254736116989
library@seku.ac.ke